000 01058nam0a22002771 4500
001 rc\680965
005 20250621210834.0
035 _a(NLR Aleph) 005918290
090 _a6449657
_c6449657
100 _a20031121d1985 |||y0rusy50 ca
101 0 _arus
102 _aRU
105 _aa |||||||||
200 1 _aМашины для освоения горных склонов и борьбы с водной эрозией почвы
_fК.В. Александрян, А.А. Гаспарян, К.Г. Караханян
210 _aМ.
_cАгропромиздат
_d1985
215 _a191 с.
_cил.
_d20
225 1 _aПромышленность - селу
320 _aБиблиогр.: с. 189 (9 назв.)
700 1 _aАлександрян
_bК.В.
_gКарен Врамович
701 1 _aГаспарян
_bА.А.
_gАнмар Анушаванович
701 1 _aКараханян
_bК.Г.
_gКаро Гукасович
801 0 _aRU
_bNLR
_gpsbo
801 1 _aRU
_bELAR
_2rusmarc
852 _aNLR
_j86-3/7654
942 _cBOOK
980 _aNB